000 01565nam a2200397 i 4500
001 196792
003 ES-MaACL
005 20250725063237.0
008 241125s2018 sp | |||| 000 j spa
015 _aMON18
017 _aM 8856-2018
_bOficina Depósito Legal Madrid
020 _a9788416968381
035 _a(OCoLC)1103688310
035 _a(SpMaBN)a6436762
040 _aSpMaBN
_bspa
_cSpMaBN
_erda
080 _a821.134.2-32"19"
100 1 _aNeville, Edgar,
_d1899-1967
_985470
_eaut
243 1 0 _aCuentos
245 1 0 _aCuentos completos y relatos rescatados :
_b(1923-1966) /
_cEdgar Neville ; edición y prólogo de José María Goicoechea
250 _aPrimera edición en Reino de Cordelia, abril de 2018
264 1 _aMadrid :
_bReino de Cordelia,
_c[2018]
264 4 _c©2018
300 _a566 páginas ;
_c23 cm
336 _aTexto
_2rdacontent
337 _asin mediación
_2rdamedia
338 _avolumen
_2rdacarrier
490 1 _aReino de Cordelia ;
_v93
655 0 _9176540
_aAntologías
700 1 _aGoicoechea, José María,
_d1966-
_9239335
_epbl
852 _aES-MaACL
_cDEPOJ
_jN-10225
_gDedicatoria autógrafa del editor, José María Goicoechea
_hDonación: José María Goicoechea
_xEncuadernación cartoné con sobrecubiertas
_9206352
903 _9239335
_aGoicoechea, José María,
_d1966-
_ednr
942 _cMONOGRAFIA
_n0
999 _c196792
_d196792